000
002970000a22000970004500
100
1
_a
Baarda, Tjitze
245
1
0
_a
"The cornerstone" : An aramaism in the diatessaron and the gospel of Thomas?
300
_a
Vol. 37, Num. 3 (Julio, 1995), Páginas 285-300
773
0
_t
Novum Testamentum
942
_c
ANA
999
_c
56893
_d
56893